00305nam a2200121Ia 4500008004100000100001100041245003800052260004800090300000900138650001400147942000700161999001500168190216s9999||||xx |||||||||||||| ||und|| aOomman 0aKerala Economy Since Indepedence bOxford And Ibh Publishing Co. Pvt Ltdc1979 a187p aEconomics cBK c9349d9349